[Balázs Trencsényi, Maciej Janowski, Mónika Baár, Marina Falina, Michal Kopeček: A History of Modern Political Thought in East Central Europe, vol. I]
| Titel: | [Balázs Trencsényi, Maciej Janowski, Mónika Baár, Marina Falina, Michal Kopeček: A History of Modern Political Thought in East Central Europe, vol. I] / Mátyás Erdélyi |
|---|---|
| Verfasser: | |
| In: |
Revue des études slaves, Band 88, Heft 3 (2017), Seite 619-621 alle Artikel anzeigen |
| Veröffentlicht: | 2017 |
| Format: | Aufsatz |
| Sprache: | Französisch |
X
alg: 49466025 001A $03025:12-05-22 001B $01999:27-06-23 $t08:26:48.000 001D $03025:12-05-22 001U $0utf8 001X $00 002@ $0Oou 002C $aText $btxt $2rdacontent 002D $aComputermedien $bc $2rdamedia 002E $aOnline-Ressource $bcr $2rdacarrier 003@ $0494660252 007A $0494660252 $aHEB 009Q $uhttps://doi.org/10.4000/res.1277 $xH 010@ $afre 010E $erda 011@ $a2017 013D $#Newspapers Sections, columns, etc. Reviews $#Book reviewing $#Journaux Cahiers, chroniques, etc. Comptes rendus $#Livres Recension $#Rezension $#Buchbesprechung $#Buchrezension $#Buchkritik $74049712-4 $8Rezension [Ts1] $9085138568 021A $a[Balázs Trencsényi, Maciej Janowski, Mónika Baár, Marina Falina, Michal Kopeček: A History of Modern Political Thought in East Central Europe, vol. I] $hMátyás Erdélyi 028A $BVerfasser $4aut $8Erdélyi, Mátyás [Tnu] $9494660244 031A $d88 $e3 $h619-621 $j2017 039B $aEnthalten in $8--Obvc--. Revue des études slaves. - Paris : Inst., 1921-. - Online-Ressource. - ISSN 2117-718X $x201700000880003381 $9289506735 039T $8--Afu--Trencsényi, Balázs$Z1973- [Tp3]. A @history of modern political thought in East Central Europe ; Volume 1. Negotiating modernity in the "Long Nineteenth Century". - First edition. - New York, NY, United States of America : Oxford University Press, 2016. - vii, 687 Seiten. - ISBN 978-0-19-873714-8 $9376968427 045F $a909 $eDDC23BSB 045F/01 $a909 045F/03 $g437 045T $aSLAW $qDE-1a $2FID lok: 49466025 78 exp: 49466025 78 1 #EPN 201B/01 $012-05-22 $t13:42:01.000 201C/01 $012-05-22 201U/01 $0utf8 203@/01 $01201954193 208@/01 $a12-05-22 $be 209A/01 $a/ $f000 $x00 209A/01 $ab*p $x01 220C/01 $apgar 244Z/01 $#Ostmitteleuropa $#Ostmitteleuropa $#Mitteleuropa, Ost $#Central Europe Ostmitteleuropa $#Mittelosteuropa $74075753-5 $8--Tg1--Ostmitteleuropa $x01 $9085214485 247C/01 $82080>Marburg/Lahn, Herder-Institut, Forschungsbibliothek, Bibliographieportal $9336309341
| LEADER | 00000caa a2200000 c 4500 | ||
|---|---|---|---|
| 001 | 494660252 | ||
| 003 | DE-603 | ||
| 005 | 20230627082648.0 | ||
| 007 | cr|||||||||||| | ||
| 008 | 220512s2017 xx |||| o| u00||u|fre c | ||
| 035 | |a (DE-599)HEB494660252 | ||
| 040 | |a DE-603 |b ger |c DE-603 |d DE-603 |e rda | ||
| 041 | |a fre | ||
| 082 | 0 | 4 | |8 1\u |a 909 |q DE-101 |2 23/BSB |
| 084 | |a SLAW |q DE-1a |2 fid | ||
| 085 | |8 1\u |b 909 | ||
| 085 | |8 1\u |z 2 |s 437 | ||
| 100 | 1 | |a Erdélyi, Mátyás |e Verfasser |4 aut |0 (DE-603)494660244 | |
| 245 | 0 | 0 | |a [Balázs Trencsényi, Maciej Janowski, Mónika Baár, Marina Falina, Michal Kopeček: A History of Modern Political Thought in East Central Europe, vol. I] |c Mátyás Erdélyi |
| 264 | 0 | |c 2017 | |
| 336 | |a Text |b txt |2 rdacontent | ||
| 337 | |a Computermedien |b c |2 rdamedia | ||
| 338 | |a Online-Ressource |b cr |2 rdacarrier | ||
| 655 | 7 | |a Rezension |2 gnd-content |0 (DE-588)4049712-4 |0 (DE-603)085138568 | |
| 773 | 0 | 8 | |i Enthalten in |t Revue des études slaves |d Paris : Inst., 1921- |h Online-Ressource |x 2117-718X |g Band 88, Heft 3 (2017), Seite 619-621 |w (DE-603)289506735 |w (DE-600)2650559-9 |
| 787 | 0 | 8 | |i Rezension von |a Trencsényi, Balázs, 1973- |t A history of modern political thought in East Central Europe ; Volume 1. Negotiating modernity in the "Long Nineteenth Century" |b First edition |d New York, NY, United States of America : Oxford University Press, 2016 |h vii, 687 Seiten |z 9780198737148 |w (DE-603)376968427 |
| 856 | |u https://doi.org/10.4000/res.1277 |x Verlag | ||
| 924 | 1 | |9 2080 |a (DE-603)1201954193 |b DE-2080 |c HES |d d |g / | |


